000 00791nam a2200229 a 4500
001 57421
003 BD-RjUL
005 20211209080518.0
008 161210s2015 bg ||||| |||| 00| 0 ben d
020 _a9789840903275
_c: TK 550.00
035 _a(BD-RjUL)57545
040 _aBD-RjUL
_bben
_cBD-RjUL
041 _aben
082 _223
_a891.443
_bSAP 2015
100 _aসরকার, আবদুল মান্নান
_9170514
245 1 0 _aপাথার /
_cআবদুল মান্নান সরকার
260 _aঢাকা :
_bমনন প্রকাশ,
_c২০১৫
300 _a৪৩২ পৃ. ;
_c২১ সেমি.
650 _aবাংলা উপন্যাস
_9170454
650 _aBengali Fictions
_9170515
942 _2ddc
_cBK
999 _c57421
_d57421